| 000 | 00692nam a2200181 i 4500 | ||
|---|---|---|---|
| 001 | 120825 | ||
| 003 | ES-MaACL | ||
| 005 | 20230906191629.0 | ||
| 007 | t| | ||
| 008 | 070214s1934 sp r ||||1| spa d | ||
| 100 | 1 |
_aPolonio Calvente, Joaquín María. _992883 |
|
| 245 | 1 | 3 |
_aLa jurisdicción en materia de comercio y legislación en vigor en los países de América Central y Meridional / _cJoaquín María Polonio Calvente ; prólogo de Joaquín Garrigues y Díaz Cañavate. |
| 250 | _a1ª. ed. | ||
| 260 |
_aMadrid : _b[s.n.], _c1934 ( _fImp. Juan Pelayo) |
||
| 300 |
_a282 p. ; _c23 cm. |
||
| 700 | 1 |
_aGarrigues, Joaquín ( _d1899-1983) _9162586 |
|
| 852 |
_aES-MaACL _jC-4084 _bR.23671 |
||
| 999 |
_c120825 _d120825 |
||